1073 1808 1833 1055 1413 1564 1947 1872 1950 1187 1240 1684 1499 1140 1227 1457 1746 1194 1894 1687 1958 1400 1082 1372 1199 1883 1082 1097 1745 1622 1912 1272 1343 1235 1717 1544 1171 1579 1217 1285 1510 1856 1735 1174 1190 1452 1875 1759 1191 1456 1916 1583 1945 1341 1113 1578 1794 1215 1387 1008 1186 1679 1184 1279 1432 1283 1735 1434 1027 1841 1401 1764 1853 1724 1369 1817 1191 1616 1934 1751 1630 1712 1899 1043 1921 1067 1303 1517 1810 1396 1972 1733 1708 1539 1243 1006 1322 1237 1864 BCNSPRNW ULIB Ver.6.0+V

เปลี่ยนเป็นภาษาไทย

Change to English
 แสดงรายละเอียดบรรณานุกรม
  กลับหน้าหลัก

Brief Record : Get Marc (ISO 2709) : E-mail record : QR code < ปิดหน้าต่าง
LEADER : 00000nam 2200000uu 4500
001    13399124974
003     ULIB
008    160527s2559||||th 000 0 tha d
020    ^a9786161128302
060  0 ^aWA541.JT3 ป435
100 0  ^aธีระ รามสูต
245 00 ^aประวัติศาสตร์โรคเรื้อนในประเทศไทย/^bธีระ รามสูต;ผู้เขียน
250    ^aพิมพ์ครั้งที่ 1
260    ^aกรุงเทพฯ:^bมูลนิธิราชประชาสมาสัยในพระบรมราชูปถัมภ์;^c2559
300    ^a400 หน้า:^bภาพประกอบ;^c24 ซม
650  4 ^aการบริหารสาธารณสุข -- ไทย
650  4 ^aโรค -- การป้องกันและควบคุม -- มาตรฐาน
650 ^a โรคติดต่อ -- การป้องกันและควบคุม
650  0 ^aโรคติดต่อ -- การป้องกันและควบคุม
650  0 ^aสุขภาพ
945    ^p0^l0^i000959
999    ^aเกษร โพธิ์สุวรรณ
รายการนี้ยังไม่มีแท็ก
คุณยังไม่ได้ล็อกอิน คุณสามารถมีกิจกรรมร่วมกับเว็บไซต์ได้ แต่ต้องล็อกอินก่อน ::
  ล็อกอิน

รายการสื่อสารสนเทศ

ลำดับที่ ประเภท เลขเรียก/บาร์โค้ด สถานที่ สถานะ
1. วิทยาศาสตร์การแพทย์ และสุขภาพ
วิทยาศาสตร์การแพทย์ และสุขภาพ
สถานะ=หนังสือเก่า
WA541.JT3 ป435 ฉ.1 
  Barcode: 000959
ห้องสมุดวิทยาเขตสวรรค์ประชารักษ์
►ส่วนจัดเก็บหนังสือเก่า สปร
บนชั้น
  ขอยืม

รายการใกล้เคียง
    หัวเรื่อง [สุขภาพ]

BibComment


ยังไม่เคยถูกคอมเมนท์

คอมเมนท์ทรัพยากรรายการนี้
  คอมเมนท์: ประวัติศาสตร์โรค..


 Copyright 2026. Bcnsprnw @Library